000 00285nam a2200121Ia 4500
008 191201s2019 xx 000 0 und d
100 _aPANDEY, Aashish
245 0 _aEnterprise Resource Planning
260 _aN. delhi
_bVariety books
300 _a467
650 _aBBA
942 _2ddc
_cBK
999 _c117
_d117